Mi vida

Zapisane w:
Opis bibliograficzny
1. autor: Chagall, Marc (Autor)
Format: Książka
Język:hiszpański
Wydane: Barcelona Alcantilado 2004
Wydanie:1a. ed
Seria:El Acantilado, 103
Hasła przedmiotowe:
Etykiety: Dodaj etykietę
Nie ma etykietki, Dołącz pierwszą etykiete!

MARC

LEADER 00000cam a2200000 a 4500
001 UCD8681
003 CL-VaPUC
008 170519e20040000sp |||||||||||||||||spa|d
020 |a 8496136914 
082 0 4 |a 927  |b CHA  |2 21 
100 0 |a Chagall, Marc  |e author  |9 265562 
245 1 0 |a Mi vida 
250 |a 1a. ed 
300 |a 215 p 
942 |c BK 
945 |d 20170519 15:42:00  |a arojas 
260 |a Barcelona  |b Alcantilado  |c 2004 
650 0 |a Biografías  |9 255210 
583 |a last modification  |c 20170519 15:42:00  |k Rodrigo Vera 
490 0 |a El Acantilado, 103 
999 |c 368011  |d 368009 
952 |0 0  |1 0  |3 erb  |4 0  |6 927_000000000000000_CHA_2004  |7 0  |8 R  |9 483260  |a BIBART  |b BIBART  |i 5375894  |l 1  |o 927 CHA 2004  |p 5375894  |r 2025-03-13  |s 2024-10-24  |w 2019-11-24  |y BK_R  |z Catalogado en:20170519  |k ART